Ottoman Fake : An Essay on Forgers, Bureaucrats, and Philologists (18th-20th Centuries) /
Coins, notes, fats, oils, soda waters, teas and wines, dyes and medicines, diplomas, certificates, patents and titles... Fakes were everywhere in the late Ottoman world. Did anyone care? As this book shows, calls to "discriminate the true from the fake", a founding motto of philological pr...
Main Author:
Format: eBook
Language: English
Published:
Leiden ; Boston :
Brill,
2025.
Series:
Language and Linguistics E-Books Online, Collection 2024.
Philological Encounters Monographs ;
5.
Subjects:
Online Access: Login to view Source
Tags: Add Tag
Call Number: D410
| LEADER | 03269nam a22005178i 4500 | ||
|---|---|---|---|
| 001 | BRILL9789004705722 | ||
| 003 | nllekb | ||
| 005 | 20250416201609.0 | ||
| 006 | m d | ||
| 007 | cr un uuuua | ||
| 008 | 241004s2025 gw sb 001 0 eng d | ||
| 020 | |a 9789004705722 |q (electronic book) | ||
| 020 | |z 9789004705715 |q (print) | ||
| 024 | 7 | |a 10.1163/9789004705722 |2 DOI | |
| 035 | |z (OCoLC)1445896081 | ||
| 040 | |a NL-LeKB |c NL-LeKB |e rda | ||
| 041 | |a eng | ||
| 050 | 4 | |a D410 | |
| 072 | 7 | |a HBJF1 |2 bicssc | |
| 072 | 7 | |a HIS |x 003000 |2 bisacsh | |
| 072 | 7 | |a HIS |x 026000 |2 bisacsh | |
| 082 | 0 | 4 | |a 910.82 |2 23 |
| 100 | 1 | |a Aymes, Marc, |e author. | |
| 245 | 1 | 0 | |a Ottoman Fake : |b An Essay on Forgers, Bureaucrats, and Philologists (18th-20th Centuries) / |c Marc Aymes. |
| 246 | 3 | |a An Essay on Forgers, Bureaucrats, and Philologists (18th-20th Centuries) | |
| 264 | 1 | |a Leiden ; |a Boston : |b Brill, |c 2025. | |
| 264 | 4 | |c ©2025 | |
| 300 | |a 1 online resource (600 pages) : |b illustrations. | ||
| 336 | |a text |b txt |2 rdacontent | ||
| 337 | |a computer |b c |2 rdamedia | ||
| 338 | |a online resource |2 rdacarrier | ||
| 490 | 1 | |a Language and Linguistics E-Books Online, Collection 2024 | |
| 490 | 1 | |a Philological Encounters Monographs ; |v 5 | |
| 504 | |a Includes bibliographical references and index. | ||
| 505 | 0 | |t Preface: Forgery in Action -- Fakes: In It From the Outset -- Apprehensions and Re-Apprehensions: Looking for Imprints -- Chapter 1 Symbolic Deaths, or Proscription -- Chapter 2 Sharp Sight, or the Reserves of Perspicacity -- Chapter 3 Conditioning What Cannot be Discerned -- Chapter 4 Extracts From the Realm of Particles: A Short Theory of Mixtures and Amalgamations -- Coda -- Characterization and Classification: The Morphology of Reports and Relationships -- Chapter 5 Forgers and Co.: Incrimination by the Gang -- Chapter 6 Confecting is Conceiving: Conviction by Instruments -- Chapter 7 The Work of Interrogation -- Afterword: Making the Most of Fakes -- Bibliography -- Index -- Analytical Table. | |
| 520 | |a Coins, notes, fats, oils, soda waters, teas and wines, dyes and medicines, diplomas, certificates, patents and titles... Fakes were everywhere in the late Ottoman world. Did anyone care? As this book shows, calls to "discriminate the true from the fake", a founding motto of philological practice from the 16th century onwards, prompted many encounters between forgers and bureaucrats in the late Ottoman world. Each tells a different story about how fakes occurred. Quoted and translated in full, reports of these forgery affairs shed new light on Ottoman state-society relations. They show that the taming of the fake has been crucial to the reforming of the state. | ||
| 546 | |a English | ||
| 588 | |a Description based on print version record. | ||
| 650 | 0 | |a History. | |
| 650 | 0 | |a Literature and Cultural Studies. | |
| 776 | 0 | 8 | |i Print version: |t Ottoman Fake : An Essay on Forgers, Bureaucrats, and Philologists (18th-20th Centuries). |d Leiden ; Boston : Brill, 2025. |z 9789004705715 |
| 830 | 0 | |a Language and Linguistics E-Books Online, Collection 2024. | |
| 830 | 0 | |a Philological Encounters Monographs ; |v 5. | |
| 856 | 4 | |z DOI: |u http://dx.doi.org/10.1163/9789004705722 | |
| 942 | |2 lcc |c EBOOK | ||
| 999 | |c 60744 |d 60744 | ||
